Introduction to ligand fields (Record no. 30256)

MARC details
000 -LEADER
fixed length control field 00309nam a2200121Ia 4500
082 ## - DEWEY DECIMAL CLASSIFICATION NUMBER
Classification number 546
Item number FIG
100 ## - MAIN ENTRY--AUTHOR NAME
Personal name Figgis, B N
245 #0 - TITLE STATEMENT
Title Introduction to ligand fields
260 ## - PUBLICATION, DISTRIBUTION, ETC. (IMPRINT)
Place of publication New Delhi
Name of publisher Wiley Eastern
Year of publication 1976
650 ## - SUBJECT ADDED ENTRY--TOPICAL TERM
Topical Term Ligand field theory
942 ## - ADDED ENTRY ELEMENTS (KOHA)
Koha item type Books
Holdings
Withdrawn status Lost status Damaged status Not for loan Home library Current library Date acquired Cost, normal purchase price Full call number Accession Number Koha item type
        RRII Library RRII Library 16/12/2021 22.00 546 FIG 10830 Books